Perestroïka : vues neuves sur notrre pays et le monde /

Guardado en:
Detalles Bibliográficos
Autor principal: Gorbachov, Mijaíl (autor)
Formato: Libro
Idioma:Francés
Publicado: París, Francia Flammarion, 1987, c1987
Etiquetas: Agrega una etiqueta
Sin etiquetas, Sé el primero en etiquetar este registro!

MARC

LEADER 00000nam^a2200000^a^4500
001 000440173
005 20250526000000.0
009 20260310123329.628
020 |a 2-08-066136-1 
037 |a Acervo ITESO - Biblioteca 
041 |a FRA 
091 |a FHM. 09758 
100 |a Gorbachov, Mijaíl  |e (autor) 
245 1 0 |a Perestroïka :  |b vues neuves sur notrre pays et le monde / 
264 4 |a París, Francia  |b Flammarion,  |c 1987, c1987 
300 |a 370 p. ;  |c 22.0 cm. 
336 |a texto  |b txt  |2 rdacontenido 
337 |a sin mediación  |b n  |2 rdamedio 
338 |a volumen  |b nc  |2 rdasoporte 
649 |a XX 
910 |a Fondo Hugo B. Margáin 
920 |a Impresos - Libros 
930 |a Libros Antiguos y Raros 
905 |a 126 
901 |a 0500303903  |b IT2  |c LRA  |i D117929  |u 20250526 
902 |a https://opac.biblio.iteso.mx/vufind/Record/000440173